| 000 | 00776nam a22002657a 4500 | ||
|---|---|---|---|
| 001 | 000677 | ||
| 003 | DO-SdBNP | ||
| 005 | 20161110110739.0 | ||
| 007 | 000677 | ||
| 008 | 161110b 2009 mx a ||||| |||| 00| 0 spa d | ||
| 020 | _a9789702910480 | ||
| 040 |
_aBPMSU _bspa _cBPMSU |
||
| 082 |
_axxxx _bxxxx |
||
| 100 | 1 | _aCarballido, Emilio | |
| 245 | 1 | 0 |
_aEl pizarrón encantado / _cEmilio Carballido ; ilustraciones de Iker Vicente. |
| 250 | _a2ª reimp. | ||
| 260 |
_aMaéxico : _bAlfaguara, _c2009 |
||
| 300 |
_a57 p. : _bil. ; _c19 cm. |
||
| 490 | 1 | _aInfantil Alfaguara | |
| 500 | _aSegunda reimpresión: enero de 2009 | ||
| 700 | 1 | 2 |
_aVicente, Iker, _eil. |
| 830 | 0 | _aInfantil Alfaguara | |
| 942 |
_2ddc _cBK |
||
| 956 |
_2LOPEREZ _310 _620161110 _8BPMSU _a00041 |
||
| 999 |
_c11889 _d11889 |
||